The contemporary world / (Record no. 98734)

MARC details
000 -LEADER
fixed length control field 01358nam a22003737a 4500
003 - CONTROL NUMBER IDENTIFIER
control field URS
005 - DATE AND TIME OF LATEST TRANSACTION
control field 20260223164109.0
008 - FIXED-LENGTH DATA ELEMENTS--GENERAL INFORMATION
fixed length control field 260223t2024 ph ||||| |||| 001 0 eng d
020 ## - INTERNATIONAL STANDARD BOOK NUMBER
International Standard Book Number 9789714063680
040 ## - CATALOGING SOURCE
Original cataloging agency DLC
Language of cataloging eng
Transcribing agency DLC
Modifying agency DLC
-- URS
Description conventions rda
082 ## - DEWEY DECIMAL CLASSIFICATION NUMBER
Classification number 303.483
Item number C7672 2024
100 ## - MAIN ENTRY--PERSONAL NAME
Personal name Berdeblanco, Kadesh Exodus T.,
Relator term authors.
245 ## - TITLE STATEMENT
Title The contemporary world /
Statement of responsibility, etc. Kadesh Exodus T. Berdeblanco, ...[and thirteen others].
264 ## - PRODUCTION, PUBLICATION, DISTRIBUTION, MANUFACTURE, AND COPYRIGHT NOTICE
Place of production, publication, distribution, manufacture Intramuros, Manila:
Name of producer, publisher, distributor, manufacturer Mindshapers Co., Inc.,
Date of production, publication, distribution, manufacture, or copyright notice [2024]
300 ## - PHYSICAL DESCRIPTION
Extent viii, 168 pages;
Dimensions 23 cm.
336 ## - CONTENT TYPE
Source rdacontent
Content type term text
Content type code txt
337 ## - MEDIA TYPE
Source rdamedia
Media type term unmediated
Media type code n
338 ## - CARRIER TYPE
Source rdacarrier
Carrier type term volume
Carrier type code nc
504 ## - BIBLIOGRAPHY, ETC. NOTE
Bibliography, etc. note Includes bibliographical references (pages 157-164), and indexes.
650 ## - SUBJECT ADDED ENTRY--TOPICAL TERM
Topical term or geographic name entry element Globalization.
700 ## - ADDED ENTRY--PERSONAL NAME
Personal name Canizares, Raymundo S.,
Relator term authors.
700 ## - ADDED ENTRY--PERSONAL NAME
Personal name Cristobal, Joseph M.,
Relator term authors.
700 ## - ADDED ENTRY--PERSONAL NAME
Personal name Dacles, Darwin Don M.,
Relator term authors.
700 ## - ADDED ENTRY--PERSONAL NAME
Personal name Docdoc, Vercelle A.,
Relator term authors.
700 ## - ADDED ENTRY--PERSONAL NAME
Personal name Flores, Kenedy G.,
Relator term authors.
700 ## - ADDED ENTRY--PERSONAL NAME
Personal name Leones, Clifford Luis T.,
Relator term authors.
700 ## - ADDED ENTRY--PERSONAL NAME
Personal name Mallo, Erwin A.,
Relator term authors.
700 ## - ADDED ENTRY--PERSONAL NAME
Personal name Mariñas, Digna Ruth A.,
Relator term authors.
700 ## - ADDED ENTRY--PERSONAL NAME
Personal name Maslang, Kenneth L.,
Relator term authors.
700 ## - ADDED ENTRY--PERSONAL NAME
Personal name Rodriguez, Dulce M.,
Relator term authors.
700 ## - ADDED ENTRY--PERSONAL NAME
Personal name Soriano, Ronie B.,
Relator term authors.
700 ## - ADDED ENTRY--PERSONAL NAME
Personal name Viloria, Margie Imelda T.,
Relator term authors.
942 ## - ADDED ENTRY ELEMENTS (KOHA)
Source of classification or shelving scheme Dewey Decimal Classification
Koha item type Filipiniana
Holdings
Withdrawn status Source of classification or shelving scheme Damaged status Not for loan Home library Current library Shelving location Date acquired Total Checkouts Full call number Barcode Date last seen Price effective from Koha item type
  Dewey Decimal Classification     Pililla College Library Pililla College Library Filipiniana Section 02/23/2026   303.483 C7672 2024 URSPIL-7381 02/23/2026 02/23/2026 Filipiniana

University of Rizal System
Email us at univlibservices@urs.edu.ph

Visit our Website www.urs.edu.ph/library